[Event "RUS-ch U14"]
[Site "Dagomys"]
[Date "2009.04.23"]
[Round "9"]
[White "Mihnenko, Nikita"]
[Black "Tokarenko, Filipp"]
[Result "0-1"]
[WhiteElo "1931"]
[BlackElo "1861"]
[PlyCount "74"]
[EventDate "2009.04.15"]
[EventType "swiss"]
[EventRounds "9"]
[EventCountry "RUS"]
[SourceTitle "EXT 2012"]
[Source "ChessBase"]
[SourceDate "2011.11.24"]
[SourceVersion "1"]
[SourceVersionDate "2011.11.24"]
[SourceQuality "1"]

1. e4 c5 2. c3 e6 3. d4 d5 4. e5 Nc6 5. Nf3 cxd4 6. cxd4 Nge7 7. Bd3 Nf5 8. Bxf5 exf5 9. 0-0 Be6 10. Nc3 Be7 11. a3 a5 12. Qb3 Rb8 13. a4 0-0 14. Bd2 g5 15. Nb5 f4 16. h4 h6 17. Nh2 f6 18. Qd3 Kg7 19. Bc3 Qd7 20. Rfe1 Rbd8 21. Rad1 gxh4 22. Nf3 f5 23. Qd2 Rg8 24. Qxf4 Kh7 25. Bd2 Rg6 26. Nxh4 Bxh4 27. Qxh4 Rdg8 28. g3 Qg7 29. Kf1 Nb4 30. Bxb4 axb4 31. Rc1 Bd7 32. Rc7 Bxb5+ 33. axb5 Qxc7 34. e6 Re8 35. e7 Qd7 36. g4 Qxb5+ 37. Re2 Re6 0-1

[Event "RUS-ch U14"]
[Site "Dagomys"]
[Date "2009.04.21"]
[Round "7"]
[White "Toder, Alexander"]
[Black "Mihnenko, Nikita"]
[Result "1/2-1/2"]
[WhiteElo "1968"]
[BlackElo "1931"]
[PlyCount "94"]
[EventDate "2009.04.15"]
[EventType "swiss"]
[EventRounds "9"]
[EventCountry "RUS"]
[SourceTitle "EXT 2012"]
[Source "ChessBase"]
[SourceDate "2011.11.24"]
[SourceVersion "1"]
[SourceVersionDate "2011.11.24"]
[SourceQuality "1"]

1. e4 e5 2. Nf3 Nc6 3. Bc4 Nf6 4. d3 h6 5. c3 d6 6. Nbd2 g6 7. 0-0 Bg7 8. Re1 0-0 9. d4 Kh7 10. dxe5 dxe5 11. Qc2 Nh5 12. a4 Nf4 13. b3 Qf6 14. Bf1 Bg4 15. Re3 h5 16. h3 Bc8 17. Nc4 Bh6 18. Ne1 g5 19. b4 g4 20. b5 Nd8 21. h4 Be6 22. g3 Nh3+ 23. Kg2 Bxe3 24. Nxe3 b6 25. Ba3 Re8 26. c4 Nb7 27. Nd5 Bxd5 28. cxd5 Nd6 29. f3 Rg8 30. Bb2 Nf4+ 31. Kh2 Ng6 32. f4 Qe7 33. f5 Nf8 34. Bg2 f6 35. Rc1 Rg7 36. Nd3 a6 37. bxa6 Rxa6 38. Nb4 Ra8 39. Nc6 Qe8 40. Ra1 Nd7 41. Ba3 Nb8 42. Bf1 Nxc6 43. dxc6 Ra7 44. Bxd6 cxd6 45. Bb5 Qb8 46. Rd1 Rg8 47. Qc4 Kg7 1/2-1/2

[Event "RUS-ch U14"]
[Site "Dagomys"]
[Date "2009.04.18"]
[Round "4"]
[White "Mihnenko, Nikita"]
[Black "Chub, Alexey"]
[Result "0-1"]
[WhiteElo "1931"]
[BlackElo "1953"]
[PlyCount "106"]
[EventDate "2009.04.15"]
[EventType "swiss"]
[EventRounds "9"]
[EventCountry "RUS"]
[SourceTitle "EXT 2012"]
[Source "ChessBase"]
[SourceDate "2011.11.24"]
[SourceVersion "1"]
[SourceVersionDate "2011.11.24"]
[SourceQuality "1"]

1. e4 c5 2. c3 b6 3. d4 Bb7 4. f3 e6 5. Bd3 Nf6 6. Ne2 Be7 7. 0-0 d6 8. Be3 Nc6 9. a3 a5 10. a4 0-0 11. Na3 Rc8 12. Nb5 cxd4 13. cxd4 Nb4 14. Nec3 Nxd3 15. Qxd3 d5 16. e5 Nd7 17. Rfc1 Ba6 18. Qd1 Ra8 19. Qb3 Qb8 20. Na2 Bxb5 21. Qxb5 Qb7 22. Rc6 Rfc8 23. Rac1 Kf8 24. Bd2 Rxc6 25. Rxc6 Rc8 26. Rxc8+ Qxc8 27. Qd3 g6 28. Qc3 Qxc3 29. Bxc3 Ke8 30. Kf2 Nb8 31. b4 axb4 32. Nxb4 Kd7 33. Ke2 Nc6 34. Nc2 Kc7 35. Kd3 Kb7 36. Be1 Ka6 37. Kc3 Na5 38. Nb4+ Bxb4+ 39. Kxb4 Nc6+ 40. Kc3 b5 41. axb5+ Kxb5 42. f4 Ka4 43. g4 Na7 44. h4 Nb5+ 45. Kd3 Kb3 46. h5 Na3 47. f5 Nc2 48. Bf2 Nb4+ 49. Ke3 Kc4 50. Bg3 g5 51. fxe6 fxe6 52. Bh4 Nc2+ 53. Kf2 Nxd4 0-1

[Event "RUS-ch U14"]
[Site "Dagomys"]
[Date "2009.04.17"]
[Round "3"]
[White "Rychkov, Oleg"]
[Black "Mihnenko, Nikita"]
[Result "1-0"]
[WhiteElo "2063"]
[BlackElo "1931"]
[PlyCount "35"]
[EventDate "2009.04.15"]
[EventType "swiss"]
[EventRounds "9"]
[EventCountry "RUS"]
[SourceTitle "EXT 2012"]
[Source "ChessBase"]
[SourceDate "2011.11.24"]
[SourceVersion "1"]
[SourceVersionDate "2011.11.24"]
[SourceQuality "1"]

1. e4 c5 2. Nc3 Nc6 3. Bc4 g6 4. d3 Bg7 5. Be3 d6 6. Qd2 e6 7. Bb3 Nd4 8. Nge2 Nxb3 9. axb3 Ne7 10. Bh6 0-0 11. h4 Nc6 12. Bxg7 Kxg7 13. h5 Rh8 14. h6+ Kf8 15. d4 Ke8 16. Nb5 e5 17. dxc5 dxc5 18. Nd6+ 1-0

[Event "RUS-ch U14"]
[Site "Dagomys"]
[Date "2009.04.15"]
[Round "1"]
[White "Mihnenko, Nikita"]
[Black "Guzenko, Artem"]
[Result "1/2-1/2"]
[WhiteElo "1931"]
[BlackElo "2155"]
[PlyCount "97"]
[EventDate "2009.04.15"]
[EventType "swiss"]
[EventRounds "9"]
[EventCountry "RUS"]
[SourceTitle "EXT 2012"]
[Source "ChessBase"]
[SourceDate "2011.11.24"]
[SourceVersion "1"]
[SourceVersionDate "2011.11.24"]
[SourceQuality "1"]

1. d4 Nf6 2. Nc3 c5 3. d5 d6 4. e4 g6 5. Bb5+ Bd7 6. a4 Bg7 7. Nf3 0-0 8. 0-0 Bg4 9. h3 Bxf3 10. Qxf3 a6 11. Bd3 Nbd7 12. Qd1 Qc7 13. Qe2 Kh8 14. Kh2 e6 15. Bc4 Rae8 16. f3 Ne5 17. Bg5 h6 18. Bxf6 Bxf6 19. f4 Nxc4 20. Qxc4 Kh7 21. Rad1 e5 22. f5 Qe7 23. Rf3 Kg7 24. Rdf1 g5 25. g4 h5 26. Kg2 Rh8 27. Rh1 Rb8 28. Qe2 Qd7 29. Rff1 h4 30. a5 Rhc8 31. Ra1 Bd8 32. b3 c4 33. bxc4 Rc5 34. f6+ Kxf6 35. Rhf1+ Kg7 36. Na4 Rxa5 37. Qf2 Qe7 38. c5 dxc5 39. d6 Qf6 40. Qe3 Qxd6 41. Rad1 Qe7 42. Nc3 Ra3 43. Rd3 b5 44. Qd2 Ba5 45. Rd7 Rd8 46. Rxf7+ Qxf7 47. Qxg5+ Kf8 48. Rxf7+ Kxf7 49. Qf5+ 1/2-1/2

[Event "Moscow op-B"]
[Site "Moscow"]
[Date "2009.02.05"]
[Round "6"]
[White "Mihnenko, Nikita"]
[Black "Uteshev, Arsen"]
[Result "0-1"]
[WhiteElo "1955"]
[BlackElo "2141"]
[PlyCount "63"]
[EventDate "2009.01.31"]
[EventType "swiss"]
[EventRounds "9"]
[EventCountry "RUS"]
[SourceTitle "EXT 2012"]
[Source "ChessBase"]
[SourceDate "2011.11.24"]
[SourceVersion "1"]
[SourceVersionDate "2011.11.24"]
[SourceQuality "1"]

1. e4 c5 2. c3 Nf6 3. e5 Nd5 4. d4 cxd4 5. cxd4 Nc6 6. Nf3 d6 7. Bc4 e6 8. 0-0 Be7 9. Bd3 0-0 10. Nc3 Nxc3 11. bxc3 dxe5 12. dxe5 Qa5 13. Qe1 Qd5 14. Qe4 Qxe4 15. Bxe4 Na5 16. Rd1 Rd8 17. Bg5 f6 18. Rxd8+ Bxd8 19. Rd1 Be7 20. Bf4 f5 21. Bc2 h6 22. Nd4 a6 23. Bb3 Nxb3 24. axb3 Kf7 25. b4 Ke8 26. Nb3 b6 27. Be3 Rb8 28. Ra1 Bd7 29. Nd2 Bd8 30. Nc4 Bc7 31. Rd1 Ke7 32. Nd6 0-1

[Event "Moscow op-B"]
[Site "Moscow"]
[Date "2009.02.04"]
[Round "5"]
[White "Mihnenko, Nikita"]
[Black "Kosov, Igor"]
[Result "1-0"]
[WhiteElo "1955"]
[BlackElo "1743"]
[PlyCount "75"]
[EventDate "2009.01.31"]
[EventType "swiss"]
[EventRounds "9"]
[EventCountry "RUS"]
[SourceTitle "EXT 2012"]
[Source "ChessBase"]
[SourceDate "2011.11.24"]
[SourceVersion "1"]
[SourceVersionDate "2011.11.24"]
[SourceQuality "1"]

1. e4 c5 2. c3 d6 3. d4 Nf6 4. Bd3 cxd4 5. cxd4 Nc6 6. Ne2 g6 7. Bd2 Bg7 8. Bc3 0-0 9. 0-0 a6 10. a4 b6 11. f3 e6 12. b4 Bd7 13. Na3 Ne7 14. b5 axb5 15. Nxb5 Bxb5 16. axb5 Qc7 17. Qb3 Rfc8 18. Ra4 d5 19. e5 Ne8 20. Rfa1 Qb7 21. g4 Bh6 22. Kf2 f5 23. Qa3 Rxa4 24. Qxa4 Nc7 25. Qa7 Rb8 26. Bb4 Nc8 27. Qa3 fxg4 28. fxg4 Bg5 29. Kg2 Ra8 30. Qb2 Rxa1 31. Qxa1 Qa7 32. Qf1 Bh6 33. Qf6 Ne8 34. Qxe6+ Qf7 35. Qxc8 Be3 36. Be1 h5 37. gxh5 gxh5 38. Qf5 1-0

[Event "Moscow op-B"]
[Site "Moscow"]
[Date "2009.02.03"]
[Round "4"]
[White "Savin, Boris"]
[Black "Mihnenko, Nikita"]
[Result "1-0"]
[WhiteElo "2189"]
[BlackElo "1955"]
[PlyCount "43"]
[EventDate "2009.01.31"]
[EventType "swiss"]
[EventRounds "9"]
[EventCountry "RUS"]
[SourceTitle "EXT 2012"]
[Source "ChessBase"]
[SourceDate "2011.11.24"]
[SourceVersion "1"]
[SourceVersionDate "2011.11.24"]
[SourceQuality "1"]

1. d4 c5 2. d5 e6 3. c4 Nf6 4. Nc3 exd5 5. cxd5 d6 6. Nf3 Bg4 7. Nd2 Be7 8. h3 Bh5 9. g4 Bg6 10. Bg2 0-0 11. 0-0 Nfd7 12. e4 h5 13. f4 hxg4 14. hxg4 Bf6 15. e5 dxe5 16. f5 Bh7 17. Nde4 Qb6 18. g5 Bd8 19. Be3 Qa5 20. Qg4 g6 21. f6 Bb6 22. Qh4 1-0

[Event "Zvenigorod Autumn op-B"]
[Site "Zvenigorod"]
[Date "2008.09.30"]
[Round "9"]
[White "Azizyan, Genrikh"]
[Black "Mihnenko, Nikita"]
[Result "1/2-1/2"]
[WhiteElo "2133"]
[BlackElo "1925"]
[PlyCount "110"]
[EventDate "2008.09.25"]
[EventType "swiss"]
[EventRounds "9"]
[EventCountry "RUS"]
[SourceTitle "EXT 2022"]
[Source "ChessBase"]
[SourceDate "2021.10.06"]
[SourceVersion "1"]
[SourceVersionDate "2021.10.06"]
[SourceQuality "1"]

1. d4 Nf6 2. c4 e6 3. Nf3 d5 4. Bg5 Be7 5. e3 0-0 6. Nc3 c6 7. Rc1 Nbd7 8. cxd5 exd5 9. Bd3 Nb6 10. Ne5 Nfd7 11. Bf4 Nxe5 12. Bxe5 f5 13. b3 Be6 14. 0-0 Nd7 15. Bg3 b6 16. Qc2 a6 17. Rfd1 c5 18. dxc5 bxc5 19. Nxd5 Bxd5 20. Bxf5 Bc6 21. Bxh7+ Kh8 22. Bg6 Qb6 23. Qe2 Nf6 24. Be5 Rfd8 25. Bf7 Be4 26. f3 Rf8 27. Bc4 Bg6 28. Qf2 Bf7 29. Qh4+ Kg8 30. Bd3 Rfd8 31. Kf2 Qb4 32. Rc4 Qa3 33. Bxf6 Rxd3 34. Rxd3 Bxf6 35. Qg4 Bxc4 36. Qxc4+ Kf8 37. Rd7 Qb2+ 38. Kf1 Qb1+ 39. Ke2 Qb2+ 40. Kd3 Qb1+ 41. Ke2 Qb2+ 42. Rd2 Qc3 43. Qxc3 Bxc3 44. Rd5 Bb4 45. f4 a5 46. g4 a4 47. g5 axb3 48. axb3 Ra2+ 49. Kf3 Rxh2 50. Rd7 Ra2 51. f5 Ra3 52. g6 Rxb3 53. Rf7+ Kg8 54. Rc7 Kf8 55. Rf7+ Kg8 1/2-1/2

[Event "Zvenigorod Autumn op-B"]
[Site "Zvenigorod"]
[Date "2008.09.27"]
[Round "5"]
[White "Mihnenko, Nikita"]
[Black "Palkovich, Denis"]
[Result "1/2-1/2"]
[WhiteElo "1925"]
[BlackElo "2226"]
[PlyCount "101"]
[EventDate "2008.09.25"]
[EventType "swiss"]
[EventRounds "9"]
[EventCountry "RUS"]
[SourceTitle "EXT 2022"]
[Source "ChessBase"]
[SourceDate "2021.10.06"]
[SourceVersion "1"]
[SourceVersionDate "2021.10.06"]
[SourceQuality "1"]

1. e4 d5 2. exd5 Nf6 3. d4 Nxd5 4. c4 Nb4 5. a3 N4c6 6. Be3 e5 7. d5 Ne7 8. Nf3 Nf5 9. Nc3 Nd7 10. Bd3 Nxe3 11. fxe3 Bd6 12. e4 0-0 13. b4 b6 14. 0-0 a6 15. Qc2 Nf6 16. Nd1 Qe7 17. Rc1 Nd7 18. Qc3 Bb7 19. Ne3 g6 20. Nd2 c5 21. dxc6 Bxc6 22. Nd5 Qg5 23. Nb3 Rfe8 24. Qb2 f5 25. Qf2 Ba4 26. Nd2 Nc5 27. Bb1 Nd7 28. exf5 gxf5 29. Qg3 Qxg3 30. hxg3 Rab8 31. Bxf5 Red8 32. Ne4 Bf8 33. Be6+ Kh8 34. Ng5 Kg7 35. Rf5 h6 36. Ne4 Kh8 37. Rcf1 Bg7 38. Nd6 Rf8 39. Bxd7 Bxd7 40. Rxf8+ Bxf8 41. Nf7+ Kg7 42. Nxe5 Be6 43. Nf4 Kf6 44. Nxe6+ Kxe6 45. Re1 Kd6 46. Nf7+ Kd7 47. Ne5+ Kd6 48. Nf7+ Kd7 49. Rd1+ Kc7 50. Ne5 Bd6 51. Rd5 1/2-1/2

[Event "Moscow op-B 04th"]
[Site "Moscow"]
[Date "2008.02.02"]
[Round "1"]
[White "Mihnenko, Nikita"]
[Black "Gurevich, Alexander"]
[Result "0-1"]
[WhiteElo "1978"]
[BlackElo "2230"]
[PlyCount "112"]
[EventDate "2008.02.02"]
[EventType "swiss"]
[EventRounds "9"]
[EventCountry "RUS"]
[SourceTitle "CBM 122 Extra"]
[Source "ChessBase"]
[SourceDate "2008.03.04"]
[SourceVersion "1"]
[SourceVersionDate "2008.03.04"]
[SourceQuality "1"]

1. e4 c5 2. c3 b6 3. d4 Bb7 4. f3 e6 5. Be3 Nf6 6. Be2 Be7 7. Nh3 d6 8. Nf2 Nbd7 9. 0-0 0-0 10. Nd2 Rc8 11. Nd3 Rc7 12. Qe1 h6 13. g4 Nh7 14. Qg3 cxd4 15. cxd4 e5 16. d5 Ba6 17. Qg2 Bg5 18. Qf2 Nc5 19. Nxc5 Bxe2 20. Qxe2 bxc5 21. b3 Qf6 22. Nc4 Rb8 23. Bxg5 hxg5 24. Kg2 Nf8 25. Qe3 Ng6 26. Na5 Nf4+ 27. Kh1 Rb6 28. Nc6 Ne6 29. dxe6 Rbxc6 30. exf7+ Rxf7 31. Rac1 Qf4 32. Qxf4 gxf4 33. h4 Rfc7 34. Rc2 Kf7 35. Rd1 Ke6 36. Rd5 Rb7 37. Rc4 a5 38. h5 Ra6 39. Rd2 a4 40. Rb2 axb3 41. axb3 Ra3 42. Rc3 Rb4 43. Kg2 Kf6 44. Rd2 Rd4 45. Rb2 Rd1 46. Kf2 Raa1 47. b4 cxb4 48. Rcb3 Rh1 49. Ke2 Rh2+ 50. Kd3 Rd1+ 51. Kc4 Rd4+ 52. Kb5 Rxb2 53. Rxb2 Rd3 54. Rf2 b3 55. Kc6 Ke6 56. g5 Rc3+ 0-1